AH International Schools' Libraries

I love you, Daddy / (Record no. 48567)

MARC details
000 -LEADER
fixed length control field 00813nam a2200229 4500
010 ## - LIBRARY OF CONGRESS CONTROL NUMBER
LC control number 2014501126
020 ## - INTERNATIONAL STANDARD BOOK NUMBER
International Standard Book Number 9781781973301
Qualifying information (hardcover)
020 ## - INTERNATIONAL STANDARD BOOK NUMBER
International Standard Book Number 178197330X
040 ## - CATALOGING SOURCE
Original cataloging agency DLC
Language of cataloging eng
Transcribing agency DLC
Description conventions rda
042 ## - AUTHENTICATION CODE
Authentication code pcc
-- lcac
050 00 - LIBRARY OF CONGRESS CALL NUMBER
Classification number PZ7.J8283
Item number Iaj 2015
082 00 - DEWEY DECIMAL CLASSIFICATION NUMBER
Classification number [E]
Edition number 23
100 1# - MAIN ENTRY--PERSONAL NAME
Personal name Joyce, Melanie,
Relator term author.
9 (RLIN) 61994
245 10 - TITLE STATEMENT
Title I love you, Daddy /
Statement of responsibility, etc written by Melanie Joyce ; illustrated by Polona Lovsin.
260 ## - PUBLICATION, DISTRIBUTION, ETC. (IMPRINT)
Place of publication, distribution, etc England :
Name of publisher, distributor, etc Igloo Books, Ltd.,
Date of publication, distribution, etc 2015.
300 ## - PHYSICAL DESCRIPTION
Extent 1 volume (unpaged) :
Other physical details chiefly color illustrations ;
Dimensions 26 cm
520 ## - SUMMARY, ETC.
Summary, etc Illustrations and easy-to-read text celebrate the special relationship between a father and child.
650 #1 - SUBJECT ADDED ENTRY--TOPICAL TERM
Topical term or geographic name as entry element Father and child
Form subdivision Fiction.
650 #1 - SUBJECT ADDED ENTRY--TOPICAL TERM
Topical term or geographic name as entry element Bears
Form subdivision Fiction.
700 1# - ADDED ENTRY--PERSONAL NAME
Personal name Lovsin, Polona,
Relator term illustrator.
9 (RLIN) 86105
942 ## - ADDED ENTRY ELEMENTS (KOHA)
Source of classification or shelving scheme
Koha item type Book
Holdings
Withdrawn status Lost status Source of classification or shelving scheme Damaged status Not for loan Home library Current library Date acquired Total Checkouts Full call number Barcode Checked out Date last seen Date checked out Price effective from Koha item type
          Logos International School Logos International School 03/11/2025 3 E JOY 040495 06/11/2026 01/23/2026 01/23/2026 03/11/2025 Book

For any Logos Library related questions please contact Miss Art at swongnarasuk@asianhope.org.

For any Asian Hope Library related questions please contact Miss Raza at graza@asianhope.org.

Powered by Koha